000
00240nam a22000857a 4500
008
160715b xxu||||| |||| 00| 0 eng d
100
_9
2904
_a
Zinn, C.J
245
_a
How Our Laws are Made
260
_a
Washington
_b
Government Printing Office
_c
1965
999
_c
2469
_d
2469